000 00293nam a22001217a 4500
008 181219b xxu||||| |||| 00| 0 eng d
041 _aeng
080 _a710
100 _a43
101 _aART
245 _aArt Now From Abstract Expressionism To Superrealism
_cSmith.E
942 _2udc
_cBK
999 _c53503
_d53503